000 00400nam a2200181Ia 4500
001 15436
005 20260306170156.0
008 260306t2010||||xx |||||||||||||| ||und||
041 _aESP
082 _a540
_bCH518 2010
100 _aChang, Raymond
_eAUT
245 0 _aQuĂ­mica
260 _c2010
300 _axxx, 1085
_c28 cm.
650 _aGEN
654 _aCCN
942 _cLIB
_dJUS
_fJUS
_2ddc
_n
999 _c15436
_d15436